00275pam a2200097a 44500008004100000041000800041100002200049245001800071260008000089300000800169230405s2009 xxu||||| |||| 00| 0 eng d aENG aMills and Ganesan aHeat Transper abPearson education in south asia 11 community center panchsheel parkc2009 a878